<?xml version="1.0" encoding="UTF-8"?>
<record
    xmlns:xsi="http://www.w3.org/2001/XMLSchema-instance"
    xsi:schemaLocation="http://www.loc.gov/MARC21/slim http://www.loc.gov/standards/marcxml/schema/MARC21slim.xsd"
    xmlns="http://www.loc.gov/MARC21/slim">

  <leader>00997nam a22002537a 4500</leader>
  <datafield tag="999" ind1=" " ind2=" ">
    <subfield code="c">64985</subfield>
    <subfield code="d">64985</subfield>
  </datafield>
  <controlfield tag="005">20240530110801.0</controlfield>
  <controlfield tag="008">190211s2012    ua a   g b    000 0 ara d</controlfield>
  <datafield tag="017" ind1=" " ind2=" ">
    <subfield code="a">2011/20871</subfield>
    <subfield code="b">&#x645;&#x635;&#x631;. &#x62F;&#x627;&#x631; &#x627;&#x644;&#x643;&#x62A;&#x628;</subfield>
  </datafield>
  <datafield tag="020" ind1=" " ind2=" ">
    <subfield code="a">9789774382584</subfield>
  </datafield>
  <datafield tag="040" ind1=" " ind2=" ">
    <subfield code="a">EG-CaGPL</subfield>
    <subfield code="c">EG-CaGPL</subfield>
  </datafield>
  <datafield tag="082" ind1="0" ind2="4">
    <subfield code="2">21</subfield>
    <subfield code="a">371.7 \</subfield>
    <subfield code="b">&#x645; &#x625;</subfield>
  </datafield>
  <datafield tag="100" ind1="0" ind2=" ">
    <subfield code="a">&#x645;&#x627;&#x647;&#x631; &#x627;&#x628;&#x648;&#x627;&#x644;&#x645;&#x639;&#x627;&#x637;&#x649; &#x639;&#x644;&#x649; </subfield>
  </datafield>
  <datafield tag="245" ind1="1" ind2="2">
    <subfield code="a">&#x627;&#x644;&#x627;&#x62A;&#x62C;&#x627;&#x647;&#x627;&#x62A; &#x627;&#x644;&#x62D;&#x62F;&#x64A;&#x62B;&#x629; &#x641;&#x649; &#x627;&#x644;&#x645;&#x62C;&#x627;&#x644; &#x627;&#x644;&#x645;&#x62F;&#x631;&#x633;&#x649; /</subfield>
    <subfield code="c">&#x645;&#x627;&#x647;&#x631; &#x627;&#x628;&#x648;&#x627;&#x644;&#x645;&#x639;&#x627;&#x637;&#x649; &#x639;&#x644;&#x649; </subfield>
  </datafield>
  <datafield tag="250" ind1=" " ind2=" ">
    <subfield code="a">&#x637;.1</subfield>
  </datafield>
  <datafield tag="260" ind1=" " ind2=" ">
    <subfield code="a">&#x627;&#x644;&#x642;&#x627;&#x647;&#x631;&#x629; : </subfield>
    <subfield code="b">&#x627;&#x644;&#x645;&#x643;&#x62A;&#x628; &#x627;&#x644;&#x62C;&#x627;&#x645;&#x639;&#x649; &#x627;&#x644;&#x62D;&#x62F;&#x64A;&#x62B; &#x60C;</subfield>
    <subfield code="c">2012 .</subfield>
  </datafield>
  <datafield tag="300" ind1=" " ind2=" ">
    <subfield code="a">438 &#x635;. &#x61B;</subfield>
    <subfield code="c">24 &#x633;&#x645;.</subfield>
  </datafield>
  <datafield tag="490" ind1="0" ind2=" ">
    <subfield code="a">&#x633;&#x644;&#x633;&#x644;&#x629; &#x645;&#x62C;&#x627;&#x644;&#x627;&#x62A; &#x648;&#x637;&#x631;&#x642; &#x627;&#x644;&#x62E;&#x62F;&#x645;&#x627;&#x62A; &#x627;&#x644;&#x627;&#x62C;&#x62A;&#x645;&#x627;&#x639;&#x64A;&#x629; &#x61B; &#x627;&#x644;&#x643;&#x62A;&#x627;&#x628; &#x627;&#x644;&#x633;&#x627;&#x62F;&#x633; </subfield>
  </datafield>
  <datafield tag="650" ind1="0" ind2="7">
    <subfield code="2">qrmak</subfield>
    <subfield code="a">&#x627;&#x644;&#x62E;&#x62F;&#x645;&#x629; &#x627;&#x644;&#x627;&#x62C;&#x62A;&#x645;&#x627;&#x639;&#x64A;&#x629; </subfield>
  </datafield>
  <datafield tag="650" ind1="0" ind2="7">
    <subfield code="a">&#x627;&#x644;&#x62C;&#x645;&#x627;&#x639;&#x627;&#x62A; &#x627;&#x644;&#x645;&#x62F;&#x631;&#x633;&#x64A;&#x629; </subfield>
    <subfield code="2">qrmak</subfield>
  </datafield>
  <datafield tag="650" ind1="0" ind2="7">
    <subfield code="a">&#x627;&#x644;&#x627;&#x62E;&#x635;&#x627;&#x626;&#x649; &#x627;&#x644;&#x627;&#x62C;&#x62A;&#x645;&#x627;&#x639;&#x649; </subfield>
    <subfield code="2">qrmak</subfield>
  </datafield>
  <datafield tag="651" ind1=" " ind2=" ">
    <subfield code="2">qrmak</subfield>
  </datafield>
  <datafield tag="942" ind1=" " ind2=" ">
    <subfield code="2">ddc</subfield>
    <subfield code="c">BK</subfield>
  </datafield>
  <datafield tag="952" ind1=" " ind2=" ">
    <subfield code="0">0</subfield>
    <subfield code="1">0</subfield>
    <subfield code="4">0</subfield>
    <subfield code="7">0</subfield>
    <subfield code="a">CAI</subfield>
    <subfield code="b">CAI</subfield>
    <subfield code="c">MAIN-LIBRARY</subfield>
    <subfield code="d">2019-02-11</subfield>
    <subfield code="l">0</subfield>
    <subfield code="o">371.7 \ &#x645; &#x625;</subfield>
    <subfield code="p">165519</subfield>
    <subfield code="r">2019-02-11 00:00:00</subfield>
    <subfield code="w">2019-02-11</subfield>
    <subfield code="y">BK</subfield>
  </datafield>
</record>
